000 00706nam a22001935i 4500
001 165991
003 ES-MaACL
005 20251015063148.0
008 980123s1865 fr |||| | fre d
040 _aNA
_bspa
_cNA
100 1 _aTaine, Hippolyte,
_d1828-1893
_9109085
245 1 0 _aPhilosophie de l'art
_b: leçons professées a l'école des Beaux-Arts /
_cpar H. Taine.
260 _aParis [etc.] :
_bGermer Baillière,
_c1865 (
_fImprimerie de E. Martinet)
300 _a175 p ;
_c18 cm.
594 _aTit. en antep.: "Nature et production de l´oeuvre d´art"
650 4 _aArte-
_xFilosofía.
_910099
852 _aES-MaACL
_jF-12244
_z-- Enc. pasta española
999 _c165991
_d165991